000 00818nam a2200253Ia 4500
003 OSt
005 20221005111959.0
006 a|||||r|||| 00| 0
007 ta
008 221004b |||||||| |||| 00| 0 hin d
024 _a20696
037 _bGift, 03/07/2015,
_cTextual
040 _aCRL
_cCRL
_bhin
041 _2hin
_ahin
082 _aO152,3NSE,PP, Q4
100 _aसईद, वहशी
245 0 _aपत्थर पत्थर आईना
246 _aPatthar patthar āīnā
260 _aवाराणसी
_bतहरीक-ए-अदब भारत
_c2014
300 _a144पृ0
_ccm.
650 _aहिन्दी साहित्य
942 _hO152,3NSE,PP, Q4
_cTEXL
_2cc
999 _c1023476
_d1023476